00347nam a2200109Ia 4500008004100000041000800041100001900049245007600068260005100144300000800195700003400203250110s9999 xx 000 0 und d aeng aMujumdar Pooja aAnubhav- An Experiential Journey Enhancing Pune's Canalfront Landscapes bBNCA M Arch Landscape ArchitectureaPunec2023 a72p aGuide Name:Kplhatkar Kshitija